000 00514nam a2200205 4500
003 OSt
005 20260601171011.0
008 260509b\\\\\\\\||||||||\||||\00|\0\eng\d
020 _a9783832793999
040 _aICI
_bspa
_cICI
050 _aNK2115
_b.B38
100 1 _aVon Holtum, Verena
_933045
245 1 _aBathroom Design
264 _bTeNeues
_c2010
_aChina
300 _a224 páginas
336 _atexto
_2rdacontent
337 _asin medio
_2rdamedia
338 _avolumen
_2rdacarrier
942 _2lcc
_cB
_n1
999 _c20485
_d20485